Capitals of Countries of the Umayyad Caliphate - Statistics

General Stats
  • This quiz has been taken 22 times
    19 since last reset
  • The average score is 30 of 36
Answers on the Map
Answers color-coded by a green-red scale on the quiz's map according to % correct below.
 
Answer Stats
City % Correct
Jerusalem
100%
Baghdad
93%
Cairo
93%
Damascus
93%
Kabul
93%
Lisbon
93%
Madrid
93%
Paris
93%
Riyadh
93%
Tunis
93%
Abu Dhabi
87%
Algiers
87%
Ankara
87%
Baku
87%
Beirut
87%
Doha
87%
Kuwait
87%
Moscow
87%
New Delhi
87%
Rabat
87%
Sana'a
87%
Amman
80%
Astana
80%
Islamabad
80%
Nicosia
80%
Tbilisi
80%
Tehran
80%
Tripoli
80%
Yerevan
80%
Andorra la Vella
73%
Manama
73%
Muscat
73%
Tashkent
73%
Ashgabat
67%
Bishkek
67%
Dushanbe
60%
No matching quizzes found
Score Distribution
Percent of People with Each Score
Percentile by Number Answered
Your Score History
You have not taken this quiz since the last reset